00928nam a2200193 i 4500001000700000003000900007005001700016008004100033245024200074260004200316300003000358650005700388650005100445700004500496700002600541852002200567999001900589952012600608188360ES-MaACL20250927110317.0180903s1921 fr |||| | fre d00aTraité de pathologie médicale et de thérapeutique appliquée / publ. sous la dir. d'Émile Sergent, L. Ribadeau-Dumas, L. Babonneix. nIX, pSympathique et glandes endocrines / cpar P. Lereboullet, Harvier, Carrion,... [et al.]. aParis : bA. Maloine et fils, c1921. a349 p. : bil. ; c21 cm. 4aSistema nervioso simpático-xEnfermedades.9165390 4aGlándulas endocrinas-xEnfermedades.91626951 aLereboullet, Pierre, d1874-194491653890 aHarvier, Paul.962028 aES-MaACLjC-16739 c188360d188360 00104070aATENEOMbATENEOMcGaleríad2018-09-03eSCl0oC-16739p1199258r2023-02-23 00:00:00w2023-02-23yMONOGRAFIA